Introduction to oilfield water technology

I tiakina i:
Ngā taipitopito rārangi puna kōrero
Kaituhi matua: Ostroff, A. G. (Author)
Hōputu: Pukapuka
Reo:Ingarihi
I whakaputaina: Houston National Association of Corrosion Engineers 1979
Putanga:2a. ed
Rangatū:An Official NACE Publication
Ngā marau:
Ngā Tūtohu: Tāpirihia he Tūtohu
Kāore He Tūtohu, Me noho koe te mea tuatahi ki te tūtohu i tēnei pūkete!

MARC

LEADER 00000nam a2200000 a 4500
001 UCT4357
003 CL-VaPUC
008 961112e19790000us |||||||||||||||||eng|d
082 0 4 |a 665.5  |b OST  |2 21 
100 |a Ostroff, A. G.  |e author  |9 373641 
245 1 0 |a Introduction to oilfield water technology 
250 |a 2a. ed 
300 |a 394 p 
942 |c BK 
945 |d 19961112 00:00:00  |a cmena 
260 |a Houston  |b National Association of Corrosion Engineers  |c 1979 
650 0 |a Combustibles  |9 271720 
650 7 |a PETROLEO  |2 CL-VaPUC  |9 320865 
650 0 |a Aceites combustibles  |9 373636 
650 7 |a PRODUCTOS DEL PETROLEO  |2 CL-VaPUC  |9 373643 
650 7 |a TECNOLOGIA DEL PETROLEO  |2 CL-VaPUC  |9 338072 
650 7 |a EXTRACCION DE PETROLEO  |2 CL-VaPUC  |9 373644 
650 7 |a INDUSTRIA PETROLERA  |2 CL-VaPUC  |9 373645 
583 |a last modification  |c 20171127 04:53:32  |k Rodrigo Vera 
490 0 |a An Official NACE Publication 
999 |c 253751  |d 253749 
952 |0 0  |1 0  |4 0  |6 665_500000000000000_OST_1979  |7 0  |8 A  |9 274814  |a BIBCUR  |b BIBCUR  |d 2019-11-19  |i 1785702  |o 665.5 OST 1979  |p 1785702  |r 2025-04-22  |w 2019-11-19  |y BK  |k QUI